Men who build churches: (Record no. 5192)

000 -LEADER
fixed length control field 00668nam a2200205 a 4500
001 - CONTROL NUMBER
control field :::00002933$&:&@@
003 - CONTROL NUMBER IDENTIFIER
control field OkBaRHE
005 - DATE AND TIME OF LATEST TRANSACTION
control field 20000607103258.0
008 - FIXED-LENGTH DATA ELEMENTS--GENERAL INFORMATION
fixed length control field s1972 j 000 0 eng u
040 ## - CATALOGING SOURCE
Transcribing agency
100 1# - MAIN ENTRY--PERSONAL NAME
Personal name Bosley, Harold Augustus, 1907-
245 10 - TITLE STATEMENT
Title Men who build churches:
Remainder of title interpretations of the life of Paul.
260 ## - PUBLICATION, DISTRIBUTION, ETC. (IMPRINT)
Place of publication, distribution, etc Nashville, TN., :
Name of publisher, distributor, etc Abingdon Press
Date of publication, distribution, etc c1972
300 ## - PHYSICAL DESCRIPTION
Extent 158 p. ;
Dimensions 19 cm.
650 ## - SUBJECT ADDED ENTRY--TOPICAL TERM
Topical term or geographic name as entry element Methodist Church
General subdivision Sermons
650 ## - SUBJECT ADDED ENTRY--TOPICAL TERM
Topical term or geographic name as entry element Paul, Saint, apostle
General subdivision Sermons
650 ## - SUBJECT ADDED ENTRY--TOPICAL TERM
Topical term or geographic name as entry element Sermons, American
942 ## - ADDED ENTRY ELEMENTS (KOHA)
Source of classification or shelving scheme
Koha item type Books
Copies
Not for loan Full call number Withdrawn status Shelving location Date acquired Source of classification or shelving scheme Permanent Location Lost status Damaged status Copy number Date last seen Barcode Koha item type Price effective from
 BS 2506 .B65 General Stacks2010-04-14 RHEMA Bible Training College  12018-03-162933Books2010-04-14